00333 a2200097 4500001000900000005001700009008004100026245008300067100002100150773006400171ART_894620260410161642.0260409a 10aLeasing. Su tratamiento impositivo para dadores y tomadores. Casos Prácticos1 aMoreno, Carolina0 tConsultor tributariog- Año 5, Nº 55 (sep. 2011)wREV474